000 00503nam a2200193 a 4500
001 16211
003 CO-ViMGA
008 141112s2004 ck r 000 u spa d
020 _a8481642673
040 _aCO-ViMGA
_bspa
_cCO-ViMGA
082 0 4 _a895.642 S673y
100 1 _aSoseki, Natsume
_923162
245 1 0 _aYo, el Gato
260 _aMadríd (España) :
_bTrotta,
_c1999
300 _a454.p.
590 _aForma de adquisición : Premio - Mincultura
650 1 4 _aNOVELA JAPONESA
942 _2ddc
_cBK
999 _c26123
_d26123